| 000 | 00742nam a2200241 i 4500 | ||
|---|---|---|---|
| 001 | 33583 | ||
| 003 | ES-MaACL | ||
| 005 | 20230906154801.0 | ||
| 007 | t| | ||
| 008 | 030202s1981 sp a |||| |bspa d | ||
| 080 | _a929:78 Schubert, Franz | ||
| 100 | 1 |
_aBirghoffer, Monique. _928968 |
|
| 245 | 1 | 0 |
_aFranz Schubert / _cMonique Birghoffer ; traducción del francés por Víctor Andresco. |
| 260 |
_aMadrid : _bEspasa-Calpe, _c1981. |
||
| 300 |
_a184 p. : _bil. ; _c18 cm. |
||
| 490 | 1 | _aClásicos de la música | |
| 504 | _aBibliografía: p. 184. | ||
| 600 | 1 | 4 |
_aSchubert, Franz. _9144151 |
| 700 | 1 |
_aAndresco, Victor. _9181483 |
|
| 830 | 0 |
_aClásicos de la música _9181484 |
|
| 852 |
_aES-MaACL _jL-1119 |
||
| 999 |
_c33583 _d33583 |
||